|
|
|
|
| LEADER |
01824cas a2200301 a 4500 |
| 001 |
AALejournalIMF000321 |
| 008 |
230101c9999 xx r poo 0 0eng d |
| 020 |
|
|
|c 5.00 USD
|
| 020 |
|
|
|z 9781451844344
|
| 022 |
|
|
|a 1018-5941
|
| 040 |
|
|
|a BD-DhAAL
|c BD-DhAAL
|
| 110 |
2 |
|
|a International Monetary Fund.
|
| 245 |
1 |
0 |
|a Informational Efficiency, Interest Rate Variability, and Central Bank Operations.
|
| 264 |
|
1 |
|a Washington, D.C. :
|b International Monetary Fund,
|c 1997.
|
| 300 |
|
|
|a 1 online resource (30 pages)
|
| 490 |
1 |
|
|a IMF Working Papers
|
| 500 |
|
|
|a <strong>Off-Campus Access:</strong> No User ID or Password Required
|
| 500 |
|
|
|a <strong>On-Campus Access:</strong> No User ID or Password Required
|
| 506 |
|
|
|a Electronic access restricted to authorized BRAC University faculty, staff and students
|
| 520 |
3 |
|
|a It is shown how the frequency of central bank intervention in financial markets can affect the incentives for economic agents to acquire information, which will be reflected in market prices and thus become available to policy makers. The optimal frequency of intervention, and therefore the optimal interest rate variability, will balance the desirability of attaining given operational targets against the benefits of encouraging informational efficiency. The ability of the central bank to send clear signals of its own intentions will also depend on market informational efficiency.
|
| 538 |
|
|
|a Mode of access: Internet
|
| 650 |
|
7 |
|a Central Bank
|2 imf
|
| 650 |
|
7 |
|a Event Studies
|2 imf
|
| 650 |
|
7 |
|a Information and Market Efficiency
|2 imf
|
| 650 |
|
7 |
|a Monetary Policy
|2 imf
|
| 650 |
|
7 |
|a WP
|2 imf
|
| 830 |
|
0 |
|a IMF Working Papers; Working Paper ;
|v No. 1997/026
|
| 856 |
4 |
0 |
|z Full text available on IMF
|u http://elibrary.imf.org/view/journals/001/1997/026/001.1997.issue-026-en.xml
|z IMF e-Library
|